Regions of Chile Quiz Stats

 Plays Quiz Updated Nov 30, 2018

Also try: The Chile Quiz
Challenge
Share
Tweet
Score 0/16 Timer 07:00
0 Plays Today
% Correct
Metropolitana
de Santiago
89.7%
Atacama
74.9%
Valparaíso
71.2%
Bíobío
67.9%
Los Lagos
65.7%
Los Ríos
65.4%
Maule
65%
Antofagasta
61.5%
% Correct
Tarapacá
60.9%
Ñuble
58.7%
Coquimbo
55.7%
Arica y Parinacota
51.1%
Libertador General
Bernardo O'Higgins
45.8%
Magallanes y de la Antártica Chilena
43.8%
La Araucanía
41.5%
Aysén del General Carlos Ibáñez del Campo
40%

You're not logged in!

Compare scores with friends on all Sporcle quizzes.
OR
Log In

You Might Also Like...

Show Comments

Extras

Top Quizzes Today


Score Distribution

Your Account Isn't Verified!

In order to create a playlist on Sporcle, you need to verify the email address you used during registration. Go to your Sporcle Settings to finish the process.

Report this User

Report this user for behavior that violates our Community Guidelines.

Details: